000 00652nam a2200241 i 4500
001 19338
003 ES-MaACL
005 20230906152054.0
007 t|
008 020724s2001 sp ||||0| spa j
020 _a84-95514-12-5
040 _aM-BN
_bspa
_cM-BN
080 _a821.133.1-82"18"
100 1 _aGauguin, Paul.
_956001
245 1 0 _aEscritos de un salvaje /
_cPaul Gauguin.
260 _aValencia :
_bMCA,
_c[2001]
300 _a190 p ;
_c21 cm.
490 1 _aLa nave de los locos ;
_v11
830 0 _aLa nave de los locos ;
_v11
_9180577
852 _aES-MaACL
_jL-25776
_bR.131544
999 _c19338
_d19338